000 00529cam a22002054a 4500
005 20250605164254.0
008 250528s ||||||||||||||||||||||||d
035 _a21854
020 _a9789603872177
040 _aGR-AtMCL
_bgre
_dGR-AtMCL
_eAACR2
245 1 _aECDL ADVANCED EXCEL 2002
250 _a1
260 _bΓκιουρδας,
_c2002
300 _a409
700 1 _aΓαβανα Αναστασια
_97754
700 1 _aΛεοντιος Μανος
_95862
942 _cBK
999 _c6912
_d6912